country guesser #1 - Statistics

General Stats
  • This quiz has been taken 80 times
  • The average score is 9 of 15
Answer Stats
Hint Answer % Correct
biggest... russia
100%
most people... india
92%
most spoken language is in... china
88%
freedom.. usa
86%
last in alphabetic order zimbabwe
76%
smallest country vatican city
75%
happiest finland
66%
youngest south sudan
58%
squarest egypt
53%
richest luxembourg
49%
oldest flag denmark
42%
most inflation... venezuela
42%
oldest san marino
41%
the country shaped like a man is... chad
27%
self independent... western sahara
5%
No matching quizzes found
Score Distribution
Percent of People with Each Score
Percentile by Number Answered
Your Score History
You have not taken this quiz